000
00281nam a22001217a 4500
008
180519b xxu||||| |||| 00| 0 eng d
041
_a
eng
080
_a
043.3
100
_a
0
101
_a
MBE-BA
245
_a
Shperblimi per Performance si Motivues
_c
Hasani, N
942
_2
udc
_c
BK
999
_c
46068
_d
46068